Регионална библиотека "Любен Каравелов" - Русе

Le nom de Bulgare (Запис номер 344626)

MARC детайли
000 -Лидер
Контролно поле с фиксирана дължина 00962nam a2200301 c 4500
003 - Код на организацията, давaща контролен номер
Контролно поле BLK
005 - Дата и час на последна редакция
Контролно поле 20190913121313.0
008 - Елементи от данни с фиксирана дължина
fixed length control field 180911b bul|||||r ||||||| ||bul||
010 ## - Наследен системен номер
LC control number 004292
040 ## - Източник на каталожния запис
Идентификатор на билиотеката - собственик на записа BLK
041 ## - Код за език
Код за езика на текст/звукозапис или на отделно заглавие Френски
080 ## - УДК
УДК - код + определител 949.72949.7139(497.2)
100 1# - Редна дума - Автор
Автор ISIRKOV, Anastas
Авторска отговорност първи автор
245 00 - Сведения за заглавието
Заглавие Le nom de Bulgare
246 ## - Различни форми на заглавието
Паралелно заглавие Eclaircissement d'histoire et d'ethnographie
260 ## - Област на издателските данни
Място на издаване, разпространение и проч. Lausanne
Име на издателя, разпространителя и проч. Libr. centrale des nationalites
Година на издаване 1918
300 ## - Физическа характеристика
Страници 67 с
Размери/Мащаб 23 см
380 ## - Жанр
Жанр История
490 ## - СЕРИИ (Колекции)
Име на серия Bibl. des peuples balkaniques
490 ## - СЕРИИ (Колекции)
Име на серия Частна колекция - Академик Михаил Арнаудов
Бележки за серията Дарение - Основен фонд
650 #4 - Допълнително описание по предмет – тема
Основно описание – тема или топоним История
650 ## - Допълнително описание по предмет – тема
Основно описание – тема или топоним Балкански страни
650 ## - Допълнително описание по предмет – тема
Основно описание – тема или топоним Балкански страни
655 ## - Ключова дума – жанр/разновидност
Данни за жанр/разновидност или ключова дума за фокус българска история
700 1# - Други автори (авторска отговорност)
Лично име A. Ichirkoff
852 ## - Местоположение
Форматна сигнатура МА 943
942 ## - АРТИКУЛИ
Вид на библиотечния материал Книги
Скрит в OPAC Не
944 ## - СЪЗДАВАНЕ И РЕДАКЦИЯ на ЗАПИСА
Създаване/Редакция Създаване
Дата на регистрацията/редакция 1996
Служител, извършил регистрацията/редакцията ValK
999 ## - СИСТЕМНИ КОНТРОЛНИ НОМЕРА
Koha biblionumber 344626
Koha biblioitemnumber 344626
Наличности
Код за отписване Код за изгубен артикул Източник на класификационната схема Код за повреда Коз за рестрикции Код за отдаване Артикулен № Име на библиотеката - собственик Име на библиотеката, в която се намира в момента Статус (Текущо местоположение) Местоположение - отдел Цена в лева Номерация (Хронология) Инвентарен номер Систематично азбучна сигнатура Баркод Номер на екземпляра Цена в евро Служебен тип на артикула
  Не е изгубен Universal Decimal Classification Не е повреден без рестрикции Специални фондове ( старопечатни, редки и ценни, фонд М. Арнаудов) 745082 Регионална библиотека "Любен Каравелов" Русе Регионална библиотека "Любен Каравелов" Русе Фонд "Михаил Арнаудов" Фонд "Михаил Арнаудов" 10.00   588153 МА 943 120000588153 1 5.11 Книги
Vip Innovations Ltd, Rousse, Bulgaria 2025